000 004810000a22001930004500
001 003880
003 MACL
005 20150703141151.0
008 150703b xxu||||| |||| 00| 0 eng d
040 _aMACL
_cmacl
041 _aEnglish
082 _a300/GHD
100 _aGhosh, Oroon
_9452
245 _aChanges For a etter
_bConstitution
_cOroon Ghosh
260 _aCulcutta
_c1996
_bMinerva Associates,
350 _a120
650 _aSocial Science
_929
942 _k300
_cBK
_2ddc
999 _c15773
_d15773